| 000 | 01502cam a22002054a 4500 | ||
|---|---|---|---|
| 005 | 20250605164052.0 | ||
| 008 | 250528s ||||||||||||||||||||||||d | ||
| 035 | _a17321 | ||
| 020 | _a415103231 | ||
| 040 |
_aGR-AtMCL _bgre _dGR-AtMCL _eAACR2 |
||
| 245 | 1 | _aGlobalization Strategy in the Hotel Industry | |
| 260 |
_bRouledge, _c1995 |
||
| 300 | _a420 | ||
| 520 | _aAn ideal reference for students and professionals wanting to understand the current climate of the international hotel industry and future strategic directions. Foreword, Preface, Acknowledgements, Introduction and General Trends in the Hotel Industry, Introduction to Globalization, The International Hotel Industry, Appraising the Global Competitive Environment, Strategic Environment of the Global Hotel Industry, Understanding the Structural Dynamics of the American Hotel Industry, Expanding in a Barrier-Free Europe, Sustaining the Competitiveness of Hong Kong's Hotel Industry, Responses to Strategic Developments in the Global Hotel Industry, Capitalizing on Human Resources Strategy for Competitive Advantage, Reversing the Cycle of Failure Through Organizational Renewal, Implementing Globalization Strategies, Competing and Cooperating in the Changing Tourism Channel System, Evolving Towards a Business Ecosystem, Charting a New Course into the Twenty-First Century, Notes, Bibliography, Index. | ||
| 700 | 1 |
_aGo Frank M _93482 |
|
| 700 | 1 |
_aPine Ray _93483 |
|
| 942 | _cBK | ||
| 999 |
_c2749 _d2749 |
||